Lyrics to Jigsaw Falling into Place by Radiohead - Statistics

General Stats
  • This quiz has been taken 93 times
  • The average score is 144 of 229
Answer Stats
Answer % Correct
a
97%
A
97%
you
94%
You
94%
I
91%
the
89%
as
88%
in
86%
Just
86%
just
86%
falling
85%
Jigsaw
85%
place
85%
take
85%
your
83%
into
82%
my
82%
to
82%
hand
80%
no
79%
on
79%
so
79%
is
73%
number
73%
back
71%
not
71%
write
71%
play
70%
song
70%
and
68%
down
68%
arrive
67%
it
67%
they
67%
drinks
64%
explain
62%
nothing
62%
once
62%
there
62%
favourite
61%
night
61%
she
61%
twice
61%
got
59%
look
59%
away
58%
come
58%
each
56%
pass
56%
dance
55%
feel
55%
looks
55%
mission
53%
before
52%
Before
52%
one
52%
other
52%
this
52%
you're
52%
are
50%
can
50%
let
50%
round
50%
beat
48%
disappears
48%
goes
48%
out
48%
wish
48%
animal
47%
nightmare
47%
light
45%
like
45%
had
44%
me
44%
run
44%
walls
44%
cat
42%
noises
42%
too
42%
up
42%
again
41%
all
41%
between
41%
focus
41%
from
41%
lost
41%
much
41%
owl
41%
that
41%
grin
39%
notes
39%
pretended
39%
cheshire
38%
comatose
38%
shape
38%
spring
38%
off
36%
really
36%
bending
35%
blurring
35%
mic
35%
wound
35%
never
33%
shotguns
33%
cameras
32%
longer
32%
words
32%
circuit
27%
closed
27%
blunt
26%
instruments
26%
sawed
26%
blather
17%
regard
15%
No matching quizzes found
Score Distribution
Percent of People with Each Score
Percentile by Number Answered
Your Score History
You have not taken this quiz